El reto a la sociedad opulenta / (Record no. 113241)

MARC details
000 -LEADER
campo de control de longitud fija 00543nam a2200181 4500
001 - NÚMERO DE CONTROL
campo de control 113241
003 - IDENTIFICADOR DE NÚMERO DE CONTROL
campo de control ES-MaACL
005 - FECHA Y HORA DE LA ÚLTIMA TRANSACCIÓN
campo de control 20230906185817.0
007 - CAMPO FIJO DE DESCRIPCIÓN FÍSICA--INFORMACIÓN GENERAL
campo de control de longitud fija t|
008 - DATOS DE LONGITUD FIJA--INFORMACIÓN GENERAL
campo de control de longitud fija 061121s1964 mx r ||||1| spa d
100 1# - ENTRADA PRINCIPAL--NOMBRE DE PERSONA
Nombre de persona Myrdal, Gunnar.
9 (RLIN) 84763
245 13 - MENCIÓN DEL TÍTULO
Título El reto a la sociedad opulenta /
Mención de responsabilidad, etc. Gunnar Myrdal : [traducción de Carlos Gerhard].
250 ## - MENCION DE EDICION
Mención de edición [1ª ed.].
260 ## - PUBLICACIÓN, DISTRIBUCIÓN, ETC.
Lugar de publicación, distribución, etc. México :
Nombre del editor, distribuidor, etc. Fondo de Cultura Económica,
Fecha de publicación, distribución, etc. 1964.
300 ## - DESCRIPCIÓN FÍSICA
Extensión 222 p. ;
Dimensiones 17 cm.
700 1# - ENTRADA AGREGADA--NOMBRE PERSONAL
Nombre de persona Gerhard, Carlos.
9 (RLIN) 56442
852 ## - LOCALIZACIÓN
Ubicación ES-MaACL
Número de control de estantería A-10272
Sublocalización o colección R.99458
Holdings
Estatus retirado Estado de pérdida Estado de daño No para préstamo Biblioteca de origen Biblioteca actual Ubicación en estantería Fecha de adquisición Fuente de adquisición Total de préstamos Signatura topográfica completa Código de barras Visto por última vez Precio de reemplazo Tipo de ítem Koha
        Biblioteca del Ateneo de Madrid Biblioteca del Ateneo de Madrid Depósito 1 17/01/2008     A-10272 1118113 23/02/2023 23/02/2023 Libro impreso